Lecurers on administrative law (Record no. 28847)
[ view plain ]
| 000 -LEADER | |
|---|---|
| fixed length control field | 00488nam a2200181Ia 4500 |
| 008 - FIXED-LENGTH DATA ELEMENTS--GENERAL INFORMATION | |
| fixed length control field | 230917s9999||||xx |||||||||||||| ||und|| |
| 020 ## - ISBN | |
| Price | RS490 |
| 040 ## - CATALOGING SOURCE | |
| -- | 251208 |
| Original cataloging agency | VIVEKANANDA LIBRARY |
| 041 ## - Language | |
| -- | English |
| 082 ## - DDC NUMBER | |
| Classification number | 342 K48A(22) |
| 100 ## - MAIN ENTRY--PERSONAL NAME | |
| Personal name | Kesari, U P D |
| 245 #0 - TITLE STATEMENT | |
| Title | Lecurers on administrative law |
| 250 ## - EDITION STATEMENT | |
| Edition statement | 22nd ed. |
| 260 ## - PUBLICATION, DISTRIBUTION, ETC. (IMPRINT) | |
| Place of publication, distribution, etc | Allahabad |
| Name of publisher, distributor, etc | Central Law Publications |
| Date of publication, distribution, etc | 2018 |
| 300 ## - PHYSICAL DESCRIPTION | |
| Pages | xlviii, 656 p. |
| 500 ## - GENERAL NOTE | |
| General note | 3319 05/11/2018 HBD18/7563 05/12/2018 Main Budget |
| 942 ## - ADDED ENTRY ELEMENTS (KOHA) | |
| Koha item type | Books |
| Withdrawn status | Lost status | Damaged status | Not for loan | Location (home branch) | Sublocation or collection (holding branch) | Date acquired | Koha issues (times borrowed) | Koha full call number | Accession No. | Koha date last seen | Koha item type |
|---|---|---|---|---|---|---|---|---|---|---|---|
| VIVEKANANDA LIBRARY | VIVEKANANDA LIBRARY | 24/12/2018 | 3 | 342 K48A(22) | 375594 | 12/05/2025 | Books | ||||
| VIVEKANANDA LIBRARY | VIVEKANANDA LIBRARY | 24/12/2018 | 5 | 342 K48A(22) | 375595 | 13/12/2024 | Books | ||||
| VIVEKANANDA LIBRARY | VIVEKANANDA LIBRARY | 24/12/2018 | 8 | 342 K48A(22) | 375596 | 12/01/2026 | Books | ||||
| VIVEKANANDA LIBRARY | VIVEKANANDA LIBRARY | 24/12/2018 | 4 | 342 K48A(22) | 375597 | 02/05/2025 | Books | ||||
| VIVEKANANDA LIBRARY | VIVEKANANDA LIBRARY | 24/12/2018 | 3 | 342 K48A(22) | 375598 | 12/06/2025 | Books |
